| 000 | 01617nam a22003617a 4500 | ||
|---|---|---|---|
| 001 | 0044188 | ||
| 003 | KOHA_MİRAKIL | ||
| 005 | 20260207003417.0 | ||
| 007 | ta | ||
| 008 | 130730b2012 tu |||gr||||#||||0|tur | | ||
| 020 | _a9789752976252 | ||
| 040 |
_aTR-BiSEU _btur _cTR-BiSEU _erda |
||
| 041 | 0 | _atur | |
| 044 | _ctu | ||
| 050 |
_aHG179 _b.K59 2012 |
||
| 100 | 1 | _aKiyosaki, Robert T.. | |
| 245 | 1 |
_aZengin baba yoksul baba/ _cRobert T. Kiyosaki ; Robert T. Kiyosaki, Sharon L. Lechter ; çeviren Dilek Şendil. |
|
| 264 | 1 |
_aİstanbul : _bAlfa Basım Yayım Dağıtım _c2012 |
|
| 300 |
_a260 sayfa ; _c23 cm. |
||
| 336 |
_ametin _btxt _2rdacontent |
||
| 337 |
_aaracısız _bn _2rdamedia |
||
| 338 |
_acilt _bnc _2rdacarrier |
||
| 490 | 1 |
_aAlfa Yayınları ; _v1600. |
|
| 490 | 1 | _aFinansal Gelişim ;28. | |
| 505 |
_aTeşekkürler 7 _xGiriş 9 _xDersler _xI Zengin Baba, Yoksul Baba 25 _xII Zenginler Para İçin Çalışmaz 35 _xIII Ders 2 _xFinans Bilgilerini Neden Öğretelim? 75 _xIV Ders 3 _xKendi İşineze Bakın 111 _xV Ders 4 _xVerginin Tarihçesi ve Şirketlerin Gücü 123 _xVI Ders 5 _xZengiler Parayı Bulur 139 _xVII Ders 6 _xÖğrenmek için Çalışın Para için Çalışmayın 167 _xBaşlangıçlar _xVIII Enngelleri Aşmak 187 _xIX İşe Koyulmak 209 _xX Daha Fazlasını mı İstiyoruz? 239 _xSonsöz 249 _xHarekete Geçin 253 _x |
||
| 650 | 0 |
_aFinance, Personal. _911451 |
|
| 650 | 0 |
_aMaliye, Personel. _982393 |
|
| 650 | 0 |
_aInvestments. _916077 |
|
| 650 | 0 |
_aYatırımlar. _95792 |
|
| 830 | 1 |
_aAlfa Yayınları ; _v1600. _94057 |
|
| 830 | 1 |
_aFinansal Gelişim ;28. _982394 |
|
| 942 |
_2lcc _cBK |
||
| 999 |
_c43991 _d43991 |
||